|
|
|
|
| LEADER |
01138nam a2200325 i 4500 |
| 001 |
41463 |
| 003 |
BD-DhAAL |
| 005 |
20230625113318.0 |
| 008 |
230625t2022 ii b 001 0 eng d |
| 010 |
|
|
|a 2022328825
|
| 025 |
|
|
|a I-E-2022328825
|
| 037 |
|
|
|b Library of Congress -- New Delhi Overseas Office
|
| 040 |
|
|
|a DLC
|b eng
|e rda
|c DLC
|d DLC
|d BD-DhAAL
|
| 042 |
|
|
|a lcode
|a pcc
|
| 043 |
|
|
|a a-bg---
|
| 050 |
0 |
0 |
|a HD9016.B352
|b I85 2022
|
| 082 |
|
|
|a 363.8095492
|2 23
|
| 100 |
1 |
|
|a Islam, Mohammad Mozahidul,
|e author.
|9 54878
|
| 245 |
1 |
0 |
|a Why nations fail to feed the poor :
|b the politics of food security in Bangladesh /
|c Mohammad Mozahidul Islam.
|
| 264 |
|
1 |
|a New Delhi :
|b Manohar,
|c 2022.
|
| 300 |
|
|
|a 317 pages ;
|c 22 cm
|
| 504 |
|
|
|a Includes bibliographical references (pages 279-312) and index.
|
| 526 |
|
|
|a GenEd
|
| 541 |
|
|
|a Rokomari.com
|e 41463
|
| 650 |
|
0 |
|a Food security
|z Bangladesh.
|9 47012
|
| 650 |
|
0 |
|a Food security
|x Political aspects
|z Bangladesh.
|9 54879
|
| 650 |
|
0 |
|a Food security
|x Government policy
|z Bangladesh.
|9 54880
|
| 852 |
|
|
|a Ayesha Abed Library
|c General Stacks
|
| 942 |
|
|
|2 ddc
|c BK
|
| 999 |
|
|
|c 45926
|d 45926
|